[Projecte de pressupost 2006] / Diputació de Barcelona
Descripción Física:
4 v. ; 30 cm
MARC
| LEADER | 00000nam a2200000Ia 4500 | ||
|---|---|---|---|
| 001 | 21641, 21642, 21643, 21644 | ||
| 008 | 160829s2005 xx 000 0 cat d | ||
| 080 | |a Pressupostos | ||
| 110 | 1 | |a Barcelona (Catalunya : Província). |b Diputació |9 52408 | |
| 245 | |a [Projecte de pressupost 2006] / Diputació de Barcelona | ||
| 260 | |a Barcelona : |b la Diputació, |c 2005 | ||
| 300 | |a 4 v. ; |c 30 cm | ||
| 610 | 1 | 0 | |a Barcelona (Catalunya : Província). |b Diputació |x Assignacions pressupostàries i despeses |9 53789 |
| 866 | |a 1: Projecte; 2: Memòria; 3: Annex de plantilla; 4: Informe economicofinancer, annex d'inversions, situació del deute i Pla Estratègic de Subvencions | ||
| 901 | |a Arxiu | ||
| 942 | |n 1 | ||
| 952 | |0 0 |1 0 |4 0 |6 PRESSUPOSTOS |7 1 |9 52592 |a Arxiu |b Arxiu |d 2016-12-01 |l 0 |o Pressupostos |p 21641, 21642, 21643, |r 2016-12-01 00:00:00 |w 2016-12-01 |y ARXIU | ||
| 999 | |c 56441 |d 56441 | ||